00370nam a2200145 a 450000100060000000300090000600800410001504000280005608200160008410000170010024500470011726000310016430000080019565000210020314190CO-ViMGA141112s2004 ck r 000 u spa d aCO-ViMGAbspacCO-ViMGA04a928.88 672g1 aBosch, Velia10aGente del Orinoco : b36 poetas guayaneses aCaracas : bUrbina, c1983 a24714aPOESIA GUAYANESA